000 005150000a22001690004500
003 MACL
005 20160318153507.0
008 160318b xxu||||| |||| 00| 0 eng d
040 _aMACL
_cMACL
041 _aHindi
082 _a954
100 _aविदांस भस्‍करराव
_947243
245 _aहमारादेश
260 _bवाेरा अेण्‍ड कंपनी पब्लिशर्स
_aबम्‍बई
650 _aHistory
_947244
942 _cHIN
_k954
_2ddc
999 _c25212
_d25212